| 000 | 01460cam a22003131 4500 | ||
|---|---|---|---|
| 001 | gs 65000173 | ||
| 003 | DLC | ||
| 005 | 20260227111416.0 | ||
| 008 | 780720s1965 dcuab b f000 0 eng c | ||
| 010 | _ags 65000173 | ||
| 035 | _a(OCoLC)4071062 | ||
| 040 |
_aU.S. Geol. Survey. Libr. _cCLS _dOCoLC _dDLC |
||
| 042 | _apremarc | ||
| 043 | _an-us-nm | ||
| 050 | 0 | 0 |
_aTC801 _b.U2 no. 1766 |
| 100 | 1 |
_aWest, Samuel Wilson, _d1921- |
|
| 245 | 1 | 4 |
_aThe water supply of El Morro National Monument / _cby Sam W. West and Helene L. Baldwin. |
| 260 |
_a[Washington : _bU.S. Dept. of the Interior, Geological Survey : _bfor sale by the Superintendent of Documents, U.S. Govt. Print. Off., _c1965] |
||
| 300 |
_av, 32 p. : _billus., map ; _c24 cm. |
||
| 410 | 2 | 0 |
_aGeological Survey (U.S.) _tWater-supply paper _v1766 |
| 500 | _aPrepared in cooperation with the National Park Service. | ||
| 501 |
_aCopy 3 with : Ground-water geology of the Dickson, Lawrenceburg, and Waverly areas in the western Highland Rim, Tennessee. Washington : U.S. Govt. Print. Off., 1964. Bound together subsequent to publication. _5DLC |
||
| 504 | _aBibliography: p. 30-32. | ||
| 650 | 0 |
_aGroundwater _zNew Mexico _zEl Morro National Monument. |
|
| 650 | 0 |
_aWater-supply _zNew Mexico _zEl Morro National Monument. |
|
| 650 | 0 |
_aGeology _zNew Mexico _zEl Morro National Monument. |
|
| 651 | 0 | _aEl Morro National Monument (N.M.) | |
| 700 | 1 |
_aBaldwin, Helene Louise, _d1920- _ejoint author. |
|
| 999 |
_c30005 _d30005 |
||